000 00653nam a2200265Ia 4500
005 20260324153027.0
008 008 260324s9999 xx 000 0 eng d
020 _a9781785482052
037 _aEBOOK
040 _aCRL
040 _beng
040 _cCRL
041 _2eng
041 _aeng
084 _qCRL
100 _aDe Buhan, Patrick
_91230389
245 0 _aElastic, Plastic and Yield Design of Reinforced Structures
260 _bElsevier
260 _c2017
650 _aEngineering
856 _uhttps://www.sciencedirect.com/science/book/9781785482052
942 _cEBOOK
999 _c1841516
_d1841516